000 00385nam a22001217a 4500
082 _a200 THE
100 _aShafaq Kausar
_970132
245 _aTH-SOF-1269-Miniaturized Single Dual Ray Technology for Communication and Tracking
260 _aIslamabad
_bNUST College of EME
_c2016
650 _a MS-ELECT-71 MSTHESIS
700 _aSupervisor Dr. Hamood Ur Rehman
_970133
942 _cCF
999 _c577164
_d577164